| 000 | 00318nam a22001217a 4500 | ||
|---|---|---|---|
| 082 |
_a355.009244 _bTAY |
||
| 100 |
_aTaylor, Frank _941239 |
||
| 245 |
_aThe warsof Marlborough1702-1709 _c Frank Taylor, |
||
| 300 | _axiii, 466p, : | ||
| 526 |
_a0 _b0 _c0 _d355_009244000000000_TAY |
||
| 650 |
_aMCE _9379 |
||
| 942 |
_2ddc _cBK |
||
| 999 |
_c552167 _d552167 |
||